000 00291nam a22001337a 4500
008 170913b xxu||||| |||| 00| 0 eng d
020 _a067149659
041 _aeng
080 _a53
100 _a53
101 _aFIZ
245 _aTHE PARTICLE CONNECTION
_cSUTTON.CH
942 _2udc
_cBK
999 _c27445
_d27445